Introductory financial accounting and reporting

Bibliographic Details
Main Author: Smith, Barry P.
Corporate Author: ProQuest (Firm)
Format: Electronic eBook
Language:English
Published: Berkshire, England : McGraw-Hill : Open University Press, 2010.
Series:Essential revision ... in a hurry
Subjects:
Online Access:Click to View
LEADER 01951nam a2200385 a 4500
001 EBC650331
003 MiAaPQ
005 20200520144314.0
006 m o d |
007 cr cn|||||||||
008 110215s2010 enkad s 001 0 eng d
020 |z 9780335241255 
020 |z 0335241255 
020 |a 9780335241262 (electronic bk.) 
035 |a (MiAaPQ)EBC650331 
035 |a (Au-PeEL)EBL650331 
035 |a (CaPaEBR)ebr10441933 
035 |a (CaONFJC)MIL334358 
035 |a (OCoLC)701704776 
040 |a MiAaPQ  |c MiAaPQ  |d MiAaPQ 
050 4 |a HF5681.B2  |b S65 2010 
100 1 |a Smith, Barry P. 
245 1 0 |a Introductory financial accounting and reporting  |h [electronic resource] /  |c Barry P. Smith. 
260 |a Berkshire, England :  |b McGraw-Hill :  |b Open University Press,  |c 2010. 
300 |a x, 178 p. :  |b ill. 
490 0 |a Essential revision ... in a hurry 
500 |a Includes index. 
505 0 |a ch. 1. The essence of financial accounting -- ch. 2. The statement of financial position -- ch. 3. The income statement -- ch. 4. Capital and revenue expenditure -- ch. 5. Depreciation, disposals and revaluations -- ch. 6. Accruals and prepayments -- ch. 7. Irrecoverable debts, estimates and provisions -- ch. 8. Preparing financial statements from trial balance -- ch. 9. Statement of comprehensive income -- ch. 10. Statement of changes in equity -- ch. 11. Statement of cash flows -- ch. 12. Interpretation of financial statements -- ch. 13. Regulatory and conceptual frameworks. 
533 |a Electronic reproduction. Ann Arbor, MI : ProQuest, 2015. Available via World Wide Web. Access may be limited to ProQuest affiliated libraries. 
650 0 |a Financial statements  |x Examinations  |v Study guides. 
650 0 |a Accounting. 
650 0 |a Bookkeeping. 
655 4 |a Electronic books. 
710 2 |a ProQuest (Firm) 
856 4 0 |u https://ebookcentral.proquest.com/lib/matrademy/detail.action?docID=650331  |z Click to View